La enseñanza de las ciencias sociales / (Record no. 93450)

MARC details
000 -CABECERA
campo de control de longitud fija 00645nam a2200193 a 4500
005 - FECHA Y HORA DE LA ÚLTIMA TRANSACCIÓN
campo de control 20230608064011.0
008 - ELEMENTOS DE LONGITUD FIJA--INFORMACIÓN GENERAL
campo de control de longitud fija 021202s1970 mx r 000 0 spa d
035 ## - NÚMERO DE CONTROL DEL SISTEMA
Número de control de sistema UPN01000121160
049 ## - COLECCIÓN
Colección F
050 #4 - SIGNATURA TOPOGRÁFICA DE LA BIBLIOTECA DEL CONGRESO
Número de clasificación LB7
Número de documento/Ítem N8.68 no.20
100 1# - ASIENTO PRINCIPAL--NOMBRE PERSONAL
Nombre de persona McLendon, Jonathon C.
9 (RLIN) 34516
245 13 - MENCIÓN DE TÍTULO
Título La enseñanza de las ciencias sociales /
Mención de responsabilidad, etc. Jonathon C. McLendon y Findlay C. Penix ; tr. Andrés Pirk.
260 ## - PUBLICACIÓN, DISTRIBUCIÓN, ETC.
Lugar de publicación, distribución, etc. México :
Nombre del editor, distribuidor, etc. Centro Regional de Ayuda Técnica, AID,
Fecha de publicación, distribución, etc. c1970.
300 ## - DESCRIPCIÓN FÍSICA
Extensión 39 p.
440 #0 - MENCIÓN DE SERIE/ASIENTO SECUNDARIO--TÍTULO
Título Nueva pedagogía ;
Designación de volumen o secuencia 20
650 #4 - ASIENTO SECUNDARIO DE MATERIA - TERMINO TEMATICO
Término de materia o nombre geográfico como elemento de entrada Ciencias sociales
Subdivisión general Estudio y enseñanza
9 (RLIN) 6678
700 1# - ASIENTO SECUNDARIO--NOMBRE DE PERSONAL
Nombre de persona Penix, Findlay C.,
Término indicativo de función/relación coaut.
905 ## - TIPO DE MATERIAL
Tipo de material Libro
Holdings
Estado de retiro Estado de pérdida Fuente del sistema de clasificación o colocación Estado dañado No para préstamo Código de colección Localización permanente Ubicación/localización actual Ubicación en estantería Fecha de adquisición Clasificación Código de barras Fecha visto por última vez Número de copia Tipo de ítem Koha
    Library of Congress Classification   Disponible (Préstamo en sala) Folletería Bib. Gregorio Torres Quintero Bib. Gregorio Torres Quintero Colecciones especiales Planta alta 03/05/2023 LB7 N8.68 no.20 11622 31/12/2020 1 Folleto